00364nam a2200133 a 450000500170000000800410001702000180005805000220007610000180009824500480011626000320016430000090019644000250020520140412111258.0091205s19uu xx 00 eng d a0-439-87128-x aTR(PS EbSh1 2007 aParker, David aSharing with our neighbors /cDavid Parker. aU.S.A :bScholastic,c2007. aunp. aThe Best me I can be